| 000 | 00379 a2200145 4500 | ||
|---|---|---|---|
| 999 |
_c5694 _d5694 |
||
| 020 | _a0949981761 | ||
| 050 | _aPL8745 MAR 1980 | ||
| 100 |
_aMarhanele, M.M. _eauthor |
||
| 245 |
_aByokota Madlayisani / _cM.M. Marhanele |
||
| 264 |
_aBraamfontein _bSasavona Publishers _c1980 |
||
| 300 | _a55p. : | ||
| 500 | _aVenda | ||
| 650 | _aVenda literature | ||
| 942 |
_2lcc _cBK _h8745 _iMAR _kPL |
||